Hell Let Loose: Tanks - Statistics

General Stats
  • This quiz has been taken 33 times
  • The average score is 5 of 17
Answer Stats
Description Tank % Correct
Germany- Heavy Tank Tiger
86%
Germany- Heavy Tank Panther
75%
Soviet Union- Medium Tank T-34
57%
Germany- Recon Vehicle Puma
43%
Germany- Medium Tank Panzer IV
39%
Germany- Light Tank Panzer II
32%
British Army- Medium Tank Cromwell
29%
Soviet Union- Heavy Tank IS-1
29%
British Army- Heavy Tank Sherman Firefly
18%
Soviet Union- Recon Vehicle BA-10
11%
United States- Light Tank M5A1 Stuart
11%
United States- Recon Vehicle M8 Greyhound
11%
United States- Medium Tank M4A1 Sherman
7%
British Army- Light Tank Tetrarch
7%
British Army- Heavy Tank Churchill MK VII
4%
United States- Heavy Tank M4A3E2 75mm Sherman
4%
United States- Heavy Tank M4A3E2 76mm Sherman
4%
No matching quizzes found
Score Distribution
Percent of People with Each Score
Percentile by Number Answered
Your Score History
You have not taken this quiz